NLSUI OPAC header image

Human dignity : The internationalization of human rights (Record no. 9649)

MARC details
000 -LEADER
fixed length control field 00445nam a2200157Ia 4500
008 - FIXED-LENGTH DATA ELEMENTS--GENERAL INFORMATION
fixed length control field 160316s1979 xxu||||| |||| 00| 0 eng d
082 ## - DEWEY DECIMAL CLASSIFICATION NUMBER
Classification number 341.481000
Item number HEN
100 ## - MAIN ENTRY--PERSONAL NAME
Personal name Henkin Alice H
245 ## - TITLE STATEMENT
Title Human dignity : The internationalization of human rights
250 ## - EDITION STATEMENT
Edition statement
260 ## - PUBLICATION, DISTRIBUTION, ETC.
Place of publication, distribution, etc. New York
Name of publisher, distributor, etc. Aspects Institute of Humanistic Studies
Date of publication, distribution, etc. 1979
300 ## - PHYSICAL DESCRIPTION
Extent 203
Other physical details
Dimensions
365 ## - TRADE PRICE
Price amount
650 ## - SUBJECT ADDED ENTRY--TOPICAL TERM
Topical term or geographic name entry element 1. International Law - Human Rights
700 ## - ADDED ENTRY--PERSONAL NAME
Personal name
--
Holdings
Withdrawn status Lost status Damaged status Not for loan Home library Current library Shelving location Date acquired Cost, normal purchase price Total Checkouts Full call number Barcode Date last seen Price effective from Koha item type
        NLS NLS Library Compactors 30/05/2017 115.50   341.481 HEN 9924 30/05/2017 30/05/2017 BOOKs